Normal view
MARC view
- Olson, Paul F.
Entry Personal Name
001 - CONTROL NUMBER
- control field: 8047
003 - CONTROL NUMBER IDENTIFIER
- control field: NUST
005 - DATE AND TIME OF LATEST TRANSACTION
- control field: 20180105093333.0
008 - FIXED-LENGTH DATA ELEMENTS
- fixed length control field: 180105|| aca||aabn | a|a d
040 ## - CATALOGING SOURCE
- Original cataloging agency: NUST
- Transcribing agency: NUST
100 ## - HEADING--PERSONAL NAME
- Personal name: Olson, Paul F.
670 ## - SOURCE DATA FOUND
- Source citation: Work cat.: (NUST)0: Post mortem :, 1989.
